000 00795nas a2200217 4500
001 BR9602382
003 BR-BrBNA
005 20231205094718.0
007 ta
008 230509b bl.|||p| |||| 00| 00por d
040 _aBR-BrBNA
_bpor
_cBiblioteca Nacional de Agricultura
041 _a(En)
072 _aM40
100 1 _aPires, A.M.S.
245 1 _aThe janirid isopods (Crustacea, Isopoda, Asellota)living on the sea star Echinaster Brasiliensis Muller Troschel at Sao Sebastiao channel, southeastern Brazilian Coast, with description of a new species
650 _aCrustaceo
650 _aBiologia
773 0 _tRevista Brasileira de Zoologia (Brazil)
_xISSN 0101-8175
_g(Jun 1995), v. 12(2) p. 303-312
_wBR9602382
909 _a202311
_bLúcia
_c55
_dLúcia Elande
942 _2AGRIS
_n0
_cANA
999 _c146306
_d146306